|
|
|
|
| LEADER |
00581cam a2200181 7i4500 |
| 001 |
0000003711 |
| 005 |
19991025090000.0 |
| 002 |
##000005100 |
| 020 |
0 |
0 |
|a T000004538
|
| 090 |
0 |
0 |
|a P 641.35
|b UNI
|
| 245 |
0 |
0 |
|a UK market notes :
|b dried pulses, dehydrated vegetables and fruit, edible nuts.
|
| 260 |
0 |
0 |
|a Sutton, Surrey:
|b DeCTA,
|c 1995.
|
| 300 |
0 |
0 |
|a 14 p..
|
| 650 |
0 |
0 |
|a Nuts --
|z United Kingdom
|
| 650 |
0 |
0 |
|a Dried vegetables --
|z United Kingdom
|
| 650 |
0 |
0 |
|a Dried fruits --
|z United Kingdom
|
| 651 |
0 |
0 |
|a United Kingdom
|
| 999 |
|
|
|a 0000005602
|b Book
|c Open shelf
|e Business Information Centre
|